[Event "Andorra op 34th"]
[Site "Escaldes"]
[Date "2016.08.11"]
[Round "9"]
[White "Smith, Matthieu"]
[Black "Garrido Fernandez, Daniel"]
[Result "1/2-1/2"]
[WhiteElo "2108"]
[BlackElo "2204"]
[PlyCount "65"]
[EventDate "2016.08.03"]
[EventType "swiss"]
[EventRounds "9"]
[EventCountry "AND"]
[SourceTitle "CBM 173 Extra"]
[Source "ChessBase"]
[SourceDate "2016.08.29"]
[SourceVersion "1"]
[SourceVersionDate "2016.08.29"]
[SourceQuality "1"]

1. Nf3 f5 2. b3 Nf6 3. Bb2 g6 4. c4 Bg7 5. g3 0-0 6. Bg2 d6 7. d4 c6 8. 0-0 Qc7 9. Nbd2 a5 10. Qc2 Na6 11. a3 Re8 12. e4 e5 13. dxe5 dxe5 14. c5 Kh8 15. Rfe1 Nxe4 16. Nxe4 fxe4 17. Nd2 Qe7 18. Nxe4 Bf5 19. Rac1 Rad8 20. Qc3 Rd5 21. b4 axb4 22. axb4 Bxe4 23. Rxe4 Qd7 24. Rce1 Rd3 25. Qc4 Qd5 26. Rxe5 Rxe5 27. Bxd5 Rxe1+ 28. Kg2 Rxd5 29. Bxg7+ Kxg7 30. Qc3+ Rde5 31. f4 R1e3 32. Qd4 R3e4 33. Qc3 1/2-1/2

[Event "Andorra op 34th"]
[Site "Escaldes"]
[Date "2016.08.08"]
[Round "6"]
[White "Marzano, Carlo"]
[Black "Smith, Matthieu"]
[Result "1/2-1/2"]
[WhiteElo "2199"]
[BlackElo "2108"]
[PlyCount "50"]
[EventDate "2016.08.03"]
[EventType "swiss"]
[EventRounds "9"]
[EventCountry "AND"]
[SourceTitle "CBM 173 Extra"]
[Source "ChessBase"]
[SourceDate "2016.08.29"]
[SourceVersion "1"]
[SourceVersionDate "2016.08.29"]
[SourceQuality "1"]

1. d4 d6 2. c4 e5 3. Nc3 exd4 4. Qxd4 Nc6 5. Qd2 g6 6. b3 Bg7 7. Bb2 Nf6 8. Nf3 0-0 9. g3 Bf5 10. Bg2 Ne4 11. Nxe4 Bxe4 12. 0-0 Qe7 13. Rfd1 Rad8 14. Rac1 Rfe8 15. Bxg7 Kxg7 16. e3 Kg8 17. Qc3 b6 18. Rd2 a5 19. Rcd1 Rb8 20. Rc1 Qf8 21. Rcd1 Qg7 22. Qxg7+ Kxg7 23. Nd4 Bxg2 24. Kxg2 Nxd4 25. Rxd4 f5 1/2-1/2

[Event "Saint Affrique op 23rd"]
[Site "Saint Affrique"]
[Date "2015.07.20"]
[Round "3"]
[White "Smith, Matthieu"]
[Black "Vedmediuc, Serghei"]
[Result "0-1"]
[WhiteElo "2116"]
[BlackElo "2400"]
[PlyCount "64"]
[EventDate "2015.07.18"]
[EventType "swiss"]
[EventRounds "9"]
[EventCountry "FRA"]
[SourceTitle "EXT 2016"]
[Source "ChessBase"]
[SourceDate "2015.10.08"]
[SourceVersion "1"]
[SourceVersionDate "2015.10.08"]
[SourceQuality "1"]

1. d4 g6 2. c4 Bg7 3. Nf3 d6 4. g3 Nf6 5. Bg2 0-0 6. 0-0 Nbd7 7. Nc3 e5 8. e4 exd4 9. Nxd4 Re8 10. Re1 a6 11. h3 Rb8 12. f4 c5 13. Nc2 Qc7 14. Qd3 b5 15. Ne3 b4 16. Ncd5 Qd8 17. g4 Bb7 18. Rb1 Qa5 19. a3 Bxd5 20. Nxd5 Nxd5 21. cxd5 c4 22. Qc2 bxa3 23. Bd2 Qc5+ 24. Kh1 a2 25. Ra1 Rxb2 26. Qa4 Rxd2 27. Qxd7 Qc8 28. Qxc8 Rxc8 29. e5 dxe5 30. fxe5 Re8 31. d6 Rxe5 32. Rxe5 Bxe5 0-1

[Event "Small Paris-ch"]
[Site "Paris"]
[Date "2015.07.12"]
[Round "7"]
[White "Buchy, Daniel"]
[Black "Smith, Matthieu"]
[Result "0-1"]
[WhiteElo "2102"]
[BlackElo "2116"]
[PlyCount "62"]
[EventDate "2015.07.06"]
[EventType "swiss"]
[EventRounds "7"]
[EventCountry "FRA"]
[SourceTitle "EXT 2016"]
[Source "ChessBase"]
[SourceDate "2015.10.08"]
[SourceVersion "1"]
[SourceVersionDate "2015.10.08"]
[SourceQuality "1"]

1. c4 e5 2. Nc3 Nc6 3. g3 f5 4. Bg2 Nf6 5. d3 Bb4 6. Bd2 0-0 7. a3 Bxc3 8. Bxc3 d6 9. e3 Be6 10. Nf3 h6 11. b3 e4 12. Nd4 Bd7 13. Nxc6 Bxc6 14. Bxf6 Qxf6 15. d4 Rae8 16. Qe2 Re7 17. Rc1 a6 18. Qc2 Be8 19. b4 g5 20. h4 Bg6 21. hxg5 hxg5 22. Qd2 f4 23. exf4 e3 24. fxe3 gxf4 25. 0-0 fxe3 26. Rxf6 exd2 27. Rxf8+ Kxf8 28. Rf1+ Kg7 29. Kf2 Bc2 30. Bf3 Rf7 31. Kg2 Be4 0-1

[Event "Small Paris-ch"]
[Site "Paris"]
[Date "2015.07.11"]
[Round "6"]
[White "Smith, Matthieu"]
[Black "Sauvetre, Alain"]
[Result "1-0"]
[WhiteElo "2116"]
[BlackElo "1847"]
[PlyCount "53"]
[EventDate "2015.07.06"]
[EventType "swiss"]
[EventRounds "7"]
[EventCountry "FRA"]
[SourceTitle "EXT 2016"]
[Source "ChessBase"]
[SourceDate "2015.10.08"]
[SourceVersion "1"]
[SourceVersionDate "2015.10.08"]
[SourceQuality "1"]

1. d4 Nf6 2. Nf3 c5 3. d5 d6 4. c4 Bf5 5. Nc3 Na6 6. a3 g6 7. e3 Bg7 8. Bd3 Bxd3 9. Qxd3 0-0 10. 0-0 Nc7 11. e4 Nd7 12. Bf4 a6 13. Rfe1 b5 14. Rad1 bxc4 15. Qxc4 Nb6 16. Qd3 Qd7 17. e5 Nb5 18. Ne4 Rfe8 19. e6 fxe6 20. dxe6 Qxe6 21. Nxd6 exd6 22. Rxe6 Rxe6 23. a4 Nd4 24. Nxd4 Bxd4 25. a5 Nd5 26. Qf3 Rae8 27. Qxd5 1-0

[Event "Small Paris-ch"]
[Site "Paris"]
[Date "2015.07.09"]
[Round "4"]
[White "Smith, Matthieu"]
[Black "Daurelle, Herve"]
[Result "1/2-1/2"]
[WhiteElo "2116"]
[BlackElo "2167"]
[PlyCount "26"]
[EventDate "2015.07.06"]
[EventType "swiss"]
[EventRounds "7"]
[EventCountry "FRA"]
[SourceTitle "EXT 2016"]
[Source "ChessBase"]
[SourceDate "2015.10.08"]
[SourceVersion "1"]
[SourceVersionDate "2015.10.08"]
[SourceQuality "1"]

1. d4 Nf6 2. Nf3 d5 3. c4 e6 4. e3 c5 5. Nc3 Nc6 6. a3 a6 7. Be2 dxc4 8. Bxc4 cxd4 9. exd4 Be7 10. 0-0 0-0 11. d5 exd5 12. Nxd5 Nxd5 13. Bxd5 Bf6 1/2-1/2

[Event "Agneaux St Lo op 16th"]
[Site "Agneaux"]
[Date "2014.07.12"]
[Round "8"]
[White "Monpeurt, Cyrielle"]
[Black "Smith, Matthieu"]
[Result "1-0"]
[WhiteElo "2045"]
[BlackElo "2159"]
[PlyCount "101"]
[EventDate "2014.07.06"]
[EventType "swiss"]
[EventRounds "9"]
[EventCountry "FRA"]
[SourceTitle "EXT 2015"]
[Source "ChessBase"]
[SourceDate "2014.11.20"]
[SourceVersion "1"]
[SourceVersionDate "2014.11.20"]
[SourceQuality "1"]

1. e4 d6 2. d4 Nf6 3. Nc3 e5 4. Nf3 Nbd7 5. Bc4 Be7 6. 0-0 0-0 7. a4 c6 8. a5 Rb8 9. h3 b5 10. axb6 axb6 11. Be3 b5 12. Bb3 b4 13. Ne2 Nxe4 14. Qd3 Nef6 15. Ng3 exd4 16. Nxd4 Ne5 17. Qe2 Bd7 18. Ndf5 Ng6 19. Rfd1 d5 20. h4 Ne4 21. h5 Nxg3 22. Nxg3 Nh4 23. Bf4 Rc8 24. c4 bxc3 25. bxc3 Bf6 26. Qd3 Be6 27. Bc2 g6 28. Ra7 Nf5 29. hxg6 hxg6 30. Qf3 Nh4 31. Qd3 Re8 32. Rb1 Re7 33. Ra4 Rd7 34. Qe2 Re7 35. Qd2 c5 36. Bg5 Rd7 37. Bxf6 Qxf6 38. Qh6 c4 39. Ra6 Qxc3 40. Ba4 Qh8 41. Qxh8+ Kxh8 42. Rxe6 Ra7 43. Re8+ Rxe8 44. Bxe8 d4 45. Rd1 d3 46. Bb5 Rc7 47. Ne4 Nf5 48. Kf1 Nd4 49. Nc3 Nxb5 50. Nxb5 c3 51. Nxc7 1-0

[Event "Avoine op 28th"]
[Site "Avoine"]
[Date "2013.07.21"]
[Round "2"]
[White "Smith, Matthieu"]
[Black "Bouget, Alexandre"]
[Result "1/2-1/2"]
[WhiteElo "2111"]
[BlackElo "2257"]
[PlyCount "84"]
[EventDate "2013.07.20"]
[EventType "swiss"]
[EventRounds "9"]
[EventCountry "FRA"]
[SourceTitle "CBM 155 Extra"]
[Source "ChessBase"]
[SourceDate "2013.08.26"]
[SourceVersion "1"]
[SourceVersionDate "2013.08.26"]
[SourceQuality "1"]

1. d4 e6 2. g3 d5 3. Bg2 Nf6 4. Nf3 c5 5. c4 Nc6 6. cxd5 exd5 7. 0-0 cxd4 8. Nxd4 Qb6 9. Nxc6 bxc6 10. Nc3 Be7 11. b3 0-0 12. Bb2 Bg4 13. Qc2 Rac8 14. Rfe1 Rfd8 15. Na4 Qb8 16. Nc5 Nd7 17. Nxd7 Rxd7 18. h3 Be6 19. Red1 f5 20. Qc3 Bf6 21. Qe3 Kf7 22. Bxf6 Kxf6 23. Qc5 g5 24. Rac1 Qe5 25. e3 Kf7 26. Rd4 Rb7 27. Bf1 Rcc7 28. b4 Qf6 29. a4 Qe7 30. Qc3 a5 31. bxa5 c5 32. Rdd1 Rb4 33. Bb5 f4 34. Qh8 Kg6 35. exf4 gxf4 36. Bd3+ Kh6 37. Re1 fxg3 38. fxg3 c4 39. Qe5 Rc6 40. Qf4+ Qg5 41. Qf8+ Qg7 42. Qf4+ Qg5 1/2-1/2

[Event "Agneaux St Lo Coquereau op"]
[Site "Agneaux"]
[Date "2013.07.10"]
[Round "5"]
[White "Smith, Matthieu"]
[Black "Chaplain, Fabrice"]
[Result "1/2-1/2"]
[WhiteElo "2103"]
[BlackElo "2115"]
[PlyCount "150"]
[EventDate "2013.07.07"]
[EventType "swiss"]
[EventRounds "9"]
[EventCountry "FRA"]
[SourceTitle "EXT 2014"]
[Source "ChessBase"]
[SourceDate "2013.11.20"]
[SourceVersion "1"]
[SourceVersionDate "2013.11.20"]
[SourceQuality "1"]

1. d4 Nf6 2. Nf3 g6 3. g3 Bg7 4. Bg2 0-0 5. 0-0 d6 6. c4 c6 7. Nc3 Qa5 8. e4 e5 9. h3 exd4 10. Nxd4 Nbd7 11. Nde2 Nb6 12. b3 Rd8 13. Bd2 Qe5 14. Bf4 Qe7 15. Qd2 Be6 16. Rad1 d5 17. cxd5 cxd5 18. e5 Ne4 19. Nxe4 dxe4 20. Qe3 Nd5 21. Qxe4 Bf5 22. Qf3 Nb4 23. Qxb7 Qxb7 24. Bxb7 Bxh3 25. Bxa8 Rxa8 26. Nc1 Bxf1 27. Kxf1 Nc6 28. Rd5 Kf8 29. Nd3 h6 30. Be3 Rc8 31. f4 Ke7 32. Ke2 Rc7 33. Kf3 h5 34. Bc5+ Ke6 35. Rd6+ Kf5 36. Be3 g5 37. fxg5 Nxe5+ 38. Nxe5 Bxe5 39. Rd5 Rc3 40. Ra5 a6 41. Ke2 Ke4 42. Ra4+ Kf5 43. Kd2 Rc6 44. Bf4 Bc3+ 45. Kd3 Be1 46. Ke2 Re6+ 47. Kf3 Rc6 48. Rc4 Rxc4 49. bxc4 Bb4 50. Be3 Ke5 51. g4 hxg4+ 52. Kxg4 Be7 53. Bb6 f5+ 54. Kh5 f4 55. g6 Bf8 56. c5 f3 57. c6 Ke6 58. Kg4 Kd6 59. Bc5+ Kxc6 60. Bd4 Kd5 61. Bf2 Kc4 62. Kg3 Bg7 63. a4 Be5+ 64. Kg4 Bg7 65. a5 Bf6 66. Kh5 Kd3 67. Kh6 Ke2 68. Bb6 f2 69. Bxf2 Kxf2 70. g7 Bxg7+ 71. Kxg7 Ke3 72. Kf6 Kd4 73. Kf5 Kc5 74. Ke4 Kb5 75. Kd3 Kxa5 1/2-1/2

[Event "Agneaux St Lo Coquereau op"]
[Site "Agneaux"]
[Date "2013.07.07"]
[Round "1"]
[White "Smith, Matthieu"]
[Black "Hereus, Daniel"]
[Result "1-0"]
[WhiteElo "2103"]
[BlackElo "1539"]
[PlyCount "65"]
[EventDate "2013.07.07"]
[EventType "swiss"]
[EventRounds "9"]
[EventCountry "FRA"]
[SourceTitle "EXT 2014"]
[Source "ChessBase"]
[SourceDate "2013.11.20"]
[SourceVersion "1"]
[SourceVersionDate "2013.11.20"]
[SourceQuality "1"]

1. d4 Nf6 2. Nf3 g6 3. g3 Bg7 4. Bg2 0-0 5. 0-0 d6 6. c4 Nc6 7. Nc3 e5 8. d5 Ne7 9. e4 Nh5 10. Ne1 f5 11. exf5 Nf6 12. fxg6 Nxg6 13. Bg5 h6 14. Bd2 Bd7 15. Qc2 Be8 16. Ne4 c6 17. Rd1 Kh8 18. Nxf6 Rxf6 19. Be4 Ne7 20. Ng2 cxd5 21. cxd5 Rc8 22. Bc3 Bg6 23. Ne3 h5 24. Bxg6 Rxg6 25. Qe4 Bh6 26. Nf5 Rg4 27. Qb1 Nxf5 28. Qxf5 Rg5 29. Qe6 Qf8 30. f4 Rg4 31. fxe5 Be3+ 32. Kg2 Qd8 33. exd6+ 1-0

[Event "Hauts de Seine-ch"]
[Site "Issy les Moulineaux"]
[Date "2013.06.16"]
[Round "3"]
[White "Boitel, Leo"]
[Black "Smith, Matthieu"]
[Result "0-1"]
[WhiteElo "1529"]
[BlackElo "2080"]
[PlyCount "98"]
[EventDate "2013.06.15"]
[EventType "swiss"]
[EventRounds "5"]
[EventCountry "FRA"]
[SourceTitle "EXT 2015"]
[Source "ChessBase"]
[SourceDate "2014.11.20"]
[SourceVersion "1"]
[SourceVersionDate "2014.11.20"]
[SourceQuality "1"]

1. d4 Nf6 2. Nf3 d6 3. e3 g6 4. Bc4 Bg7 5. 0-0 0-0 6. Nbd2 Nbd7 7. c3 e5 8. a3 e4 9. Ne1 d5 10. Ba2 Re8 11. c4 c6 12. f3 Qe7 13. fxe4 dxe4 14. b4 Nb6 15. h3 Nh5 16. g4 Ng3 17. Rf2 Qh4 18. Rh2 h5 19. Ng2 Qg5 20. Qe1 h4 21. Bb2 Na4 22. Rb1 Nxb2 23. Rxb2 Kh7 24. Nf1 Nxf1 25. Kxf1 Bf6 26. Rf2 Kg7 27. Kg1 a5 28. b5 cxb5 29. Qf1 bxc4 30. Bxc4 Be6 31. Bxe6 Rxe6 32. Nf4 Rc6 33. Rhg2 Rac8 34. Kh2 Rc1 35. Qe2 R8c2 36. Qxc2 Rxc2 37. Rxc2 Bxd4 38. Nh5+ Kh7 39. exd4 gxh5 40. gxh5 Qf4+ 41. Kg1 Qe3+ 42. Rcf2 Qxd4 43. Kh1 Qd1+ 44. Rg1 Qxh5 45. Rc2 Qf3+ 46. Kh2 Qf4+ 47. Kh1 e3 48. Rgc1 e2 49. Kg2 Qg3+ 0-1

[Event "Dieppe op-A 8th"]
[Site "Dieppe"]
[Date "2012.08.27"]
[Round "2"]
[White "Smith, Matthieu"]
[Black "Del Rey, Diego"]
[Result "0-1"]
[WhiteElo "2008"]
[BlackElo "2383"]
[PlyCount "54"]
[EventDate "2012.08.26"]
[EventType "swiss"]
[EventRounds "9"]
[EventCountry "FRA"]
[SourceTitle "EXT 2013"]
[Source "ChessBase"]
[SourceDate "2012.11.22"]
[SourceVersion "1"]
[SourceVersionDate "2012.11.22"]
[SourceQuality "1"]

1. Nf3 Nf6 2. d4 c5 3. e3 g6 4. c4 Bg7 5. Nc3 0-0 6. Be2 b6 7. 0-0 Bb7 8. b3 d5 9. Bb2 cxd4 10. exd4 Nbd7 11. cxd5 Nxd5 12. Bc4 N7f6 13. Nxd5 Nxd5 14. Qd2 Nc7 15. Be2 Qd6 16. Rfd1 Rfd8 17. Rac1 Rd7 18. Qe1 Bh6 19. Rc2 Be4 20. Bd3 Bxf3 21. gxf3 Nd5 22. Be4 Rad8 23. Bxd5 Qxd5 24. Qe4 e5 25. Kf1 Qe6 26. Qg4 Qxg4 27. fxg4 exd4 0-1